000
nam a22 7a 4500
999
_c
46958
_d
46958
003
OSt
005
20190430150213.0
008
190430b xxu||||| |||| 00| 0 eng d
040
_c
IIMT COLLEGE OF LAW,GREATER NOIDA
100
_a
GANDHI,B.M.
245
_a
LEGAL LANGUAGE
260
_a
MEERUT
_b
E.B.S.
_c
2018
942
_2
ddc
_c
02